Entwicklung und Gestaltung eines Unternehmenscontrolling in mittelständischen Bauunternehmen unter Berücksichtigung von zwei empirischen Untersuchungen im zeitlichen Vergleich
Salvato in:
| Autore principale: | |
|---|---|
| Natura: | Libro |
| Lingua: | tedesco |
| Pubblicazione: |
Wiesbaden
Gabler Verlag
2009
|
| Serie: | Baubetriebswirtschaftslehre und Infrastrukturmanagement
|
| Soggetti: | |
| Tags: |
Nessun Tag, puoi essere il primo ad aggiungerne!!
|
MARC
| LEADER | 00000nam a2200000 4500 | ||
|---|---|---|---|
| 001 | 0177767 | ||
| 005 | 20250509105316.1 | ||
| 020 | |a 978-3-8349-1789-8 | ||
| 041 | 0 | |a ger | |
| 044 | |a DE | ||
| 245 | 1 | 0 | |a Entwicklung und Gestaltung eines Unternehmenscontrolling in mittelständischen Bauunternehmen |b unter Berücksichtigung von zwei empirischen Untersuchungen im zeitlichen Vergleich |c Christian Keidel |
| 264 | 1 | |a Wiesbaden |b Gabler Verlag |c 2009 | |
| 300 | |a 273 s. | ||
| 490 | 1 | |a Baubetriebswirtschaftslehre und Infrastrukturmanagement | |
| 830 | 0 | |a Baubetriebswirtschaftslehre und Infrastrukturmanagement | |
| 610 | 2 | 0 | |a riadenie podnikové |
| 610 | 2 | 0 | |a kontroling podnikový |
| 610 | 2 | 0 | |a podnik stavebný |
| 610 | 2 | 0 | |a podnik stredný |
| 610 | 2 | 0 | |a účtovníctvo |
| 610 | 2 | 0 | |a výskum |
| 100 | 1 | |a Keidel, Christian | |